LEADER 01622nam a2200325 a 4500
001 c000177318
003 CARM
005 20040910184434.0
008 880520s1968 couab b f000 0 eng d
019 1 |a 26195912  |5 LACONCORD2021 
035 |a (OCoLC)52335570  |5 LACONCORD2021 
040 |a CUT  |b eng  |c CUT  |d CIN  |d NBiSU  |d VU 
043 |a u-at--- 
245 0 0 |a Microseisms and teleseisms recorded in Australia /  |c James N. Murdock ... [et al.]. 
260 |a Boulder, Colo. :  |b U.S. Dept. of Commerce, Environmental Science Services Administration, ESSA Research Laboratories :  |b Earth Sciences Laboratories ;  |a San Francisco, Calif. :  |b Earthquake Mechanism Laboratory,  |c [1968] 
300 |a 1 v. (various pagings) :  |b ill., maps ;  |c 27 cm. 
440 0 |a ESSA technical report ;  |v ERL 66-ESL 4. 
500 |a "February 1968." 
500 |a "This work, Project ARPA/SAR-SUR, was sponsored by the Advanced Research Projects Agency under ARPA order no. 533, amendment no. 8. 
504 |a Includes bibliographical references. 
650 0 |a Microseisms  |z Australia. 
650 0 |a Seismology  |z Australia. 
700 1 |a Murdock, James N. 
710 1 |a United States.  |b Advanced Research Projects Agency. 
710 2 |a United States.  |b Environmental Science Services Administration.  |b Research Laboratories. 
710 2 |a Earth Sciences Laboratories. 
710 2 |a Earthquake Mechanism Laboratory. 
852 8 |b CARM  |h A3:AE28E0  |i D07255  |p 0239695  |f BK 
999 f f |i fe7c2c1f-28af-54e4-ab84-ce912971df87  |s 0167f638-74b7-53ed-a99e-7f263a0eb07e 
952 f f |p Can circulate  |a CAVAL  |b CAVAL  |c CAVAL  |d CARM 1 Store  |e D07255  |f A3:AE28E0  |h Other scheme  |i book  |m 0239695